LEADER 01215nam0 22002651i 450 001 UON00185643 005 20231205103152.103 010 $a88-7860-062-8 100 $a20030730d1992 |0itac50 ba 101 $aita 102 $aIT 105 $a|||| 1|||| 200 1 $aˆLa ‰religione degli europei$efede, cultura religiosa e modernità in Francia, Ita lia, Spagna, Gran Bretagna, Germania e Ungheria$fDanièle Hervieu-Léger, Franco Garelli, Salvador Giner$bet alii] 210 $aTorino$cEdizioni della Fondazione Giovann i Agnelli$d1992 - XV,502 p. ; 20 cm 410 1$1001UON00066903$12001 $aQuaderni della Fondazione. Studi e ricerche$fFondazione Giovanni Agnelli 606 $aRELIGIONE$xSaggi$3UONC037471$2FI 702 1$aGarelli$bFranco$3UONV051357 702 1$aGiner$bSalvador$3UONV107818 702 1$aHervieu-Léger$bDanièle$3UONV107817 801 $aIT$bSOL$c20250314$gRICA 899 $aSIBA - SISTEMA BIBLIOTECARIO DI ATENEO$2UONSI 912 $aUON00185643 950 $aSIBA - SISTEMA BIBLIOTECARIO DI ATENEO$dSI A D 0694 $eSI SC 25533 5 0694 $sBuono 996 $aReligione degli europei$9635086 997 $aUNIOR